Linia 721 (Warszawa) - Statystyki

Ogólne statystyki
  • Ten quiz został rozwiązany 9 razy
  • Średni wynik to 16 z 23
Statystyki odpowiedzi
Liczba Przystanek Dzielnica/Wieś/Miasto % Poprawnych
1 Kosów Kosów
100%
3(NŻ) Centrum Handlowe Wólka Kosowska Wólka Kosowska
86%
14(NŻ) Janki Janki
86%
5(NŻ) Marysin Marysin
86%
6(NŻ) Radiostacja Łazy Łazy
86%
2 (NŻ) Wólka Kosowska Wólka Kosowska
86%
7 Łazy Łazy
71%
19 Młyn Raszyn
71%
20(NŻ) Na Skraju Włochy, Warszawa GSB
71%
11(NŻ) Nowy Sękocin Nowy Sękocin
71%
9(NŻ) Sękocin Las Sękocin Las
71%
10(NŻ) Sękocin Las Sękocin Las
71%
18 Sportowa Raszyn
71%
12(NŻ) Stary Sękocin Stary Sękocin
71%
21(NŻ) Stoicka Włochy, Warszawa
71%
22(NŻ) Szyszkowa Włochy, Warszawa
71%
4(NŻ) Wygoda Wólka Kosowska
71%
13(NŻ) Działkowa Janki
57%
17(NŻ) Kościół Raszyn
57%
8(NŻ) Podleśna Łazy
57%
16(NŻ) Puchały Falenty
57%
23 Parkuj I Jedź AlejaKrakowska Włochy, Warszawa
43%
15(NŻ) Hrabska Droga Falenty
29%
Nie znaleziono quizów pasujących do podanych kryteriów
Rozkład punktacji
Procent ludzi z każdym wynikiem
Percentyl według liczby udzielonych odpowiedzi
Twoja historia wyników
Nie rozwiązałeś tego quizu